000 00708cam a22002531 4500
001 22065
003 BD-RjUL
005 20211209000749.0
008 140306s1967 ii 000 0 eng
035 _a(BD-RjUL)22130
040 _aDLC
_cDLC
_dDLC
_dBD-RjUL
_beng
041 _aeng
082 0 0 _a824.8
_bPAA
100 1 _aPater, Walter,
_d1839-1894.
_964627
245 1 0 _aAppreciations :
_bwith an essay on style /
_cby Walter Pater.
260 _aCalcutta :
_bRupa,
_c1967.
300 _a196 p. ;
_c19 cm.
350 _aRs6
500 _aFirst published in 1889.
650 0 _aEnglish literature
_xHistory and criticism.
_968154
942 _2ddc
_cBK
999 _c22065
_d22065